Statistics for UEFA Europa League Winners

Click here to take the quiz!

General Stats

  • This quiz has been taken 78 times
    (2 since last reset)
  • The average score is 37 of 53

Answer Stats

SeasonWinner% Correct
2023-2024Atalanta BC
100%
2017-2018Atlético Madrid
100%
2011-2012Atlético Madrid
100%
2009-2010Atlético Madrid
100%
2018-2019Chelsea
100%
2012-2013Chelsea
100%
2021-2022Eintracht Frankfurt
100%
1979-1980Eintracht Frankfurt
100%
1999-2000Galatasaray
100%
1990-1991Inter Milan
100%
1993-1994Inter Milan
100%
1997-1998Inter Milan
100%
1989-1990Juventus
100%
1992-1993Juventus
100%
1976-1977Juventus
100%
2016-2017Manchester United
100%
1984-1985Real Madrid
100%
1985-1986Real Madrid
100%
2022-2023Sevilla
100%
2019-2020Sevilla
100%
2015-2016Sevilla
100%
2014-2015Sevilla
100%
2013-2014Sevilla
100%
2006-2007Sevilla
100%
2005-2006Sevilla
100%
1983-1984Tottenham Hotspur
100%
1971-1972Tottenham Hotspur
100%
2020-2021Villarreal
100%
2007-2008Zenit Saint Petersburg
100%
1991-1992Ajax
50%
1974-1975Borussia Mönchengladbach
50%
1978-1979Borussia Mönchengladbach
50%
2004-2005CSKA Moscow
50%
2001-2002Feyenoord
50%
1973-1974Feyenoord
50%
1981-1982IFK Göteborg
50%
1986-1987IFK Göteborg
50%
1980-1981Ipswich Town
50%
1998-1999Parma
50%
1994-1995Parma
50%
2002-2003Porto
50%
2010-2011Porto
50%
1977-1978PSV Eindhoven
50%
2008-2009Shakhtar Donetsk
50%
2003-2004Valencia
50%
1982-1983Anderlecht
0%
1987-1988Bayer Leverkusen
0%
1995-1996Bayern Munich
0%
1975-1976Liverpool
0%
1972-1973Liverpool
0%
2000-2001Liverpool
0%
1988-1989Napoli
0%
1996-1997Schalke 04
0%

Score Distribution

Percentile by Number Answered

Percent of People with Each Score

Your Score History

You have not taken this quiz since the last reset